Peyton Place
Furkejuvvon:
| Váldodahkki: | |
|---|---|
| Materiálatiipa: | Girji |
| Giella: | Undetermined |
| Almmustuhtton: |
España
Bruguera
1982
|
| Fáttát: | |
| Fáddágilkorat: |
Lasit fáddágilkoriid
Eai fáddágilkorat, Lasit vuosttaš fáddágilkora!
|
MARC
| LEADER | 00000nam a2200000Ia 4500 | ||
|---|---|---|---|
| 008 | 170316s9999 xx 000 0 und d | ||
| 040 | |a cru BVZT | ||
| 090 | |a 810 M-36.1p | ||
| 100 | |a Metalious, Grace | ||
| 245 | |a Peyton Place | ||
| 260 | |a España | ||
| 260 | |b Bruguera | ||
| 260 | |c 1982 | ||
| 300 | |a 444 páginas | ||
| 650 | |a LITERATURA ESTADOUNIDENSE | ||
| 999 | |c 5929 |d 5929 | ||
| 942 | |c 15 D |h 810 M-36.1p |2 z | ||
